Normal view
MARC view
- Online social networks
Entry Topical Term
001 - CONTROL NUMBER
- control field: 97058
003 - CONTROL NUMBER IDENTIFIER
- control field: NUST
005 - DATE AND TIME OF LATEST TRANSACTION
- control field: 20220813160211.0
008 - FIXED-LENGTH DATA ELEMENTS
- fixed length control field: 220813|| aca||aabn | a|a d
040 ## - CATALOGING SOURCE
- Original cataloging agency: NUST
- Transcribing agency: NUST
150 ## - HEADING--TOPICAL TERM
- Topical term or geographic name entry element: Online social networks
- General subdivision: Social aspects
670 ## - SOURCE DATA FOUND
- Source citation: Work cat.: (NUST)0: Frenkel, Sheera, author. 97055, An ugly truth :
